000 01013nam a2200277 a 4500
001 BRCA_9094
003 FranzMayer
005 20230726112016.0
008 021017s1682----be-#######---#000-0#spa-#
040 _aMFM
_besp
_cMFM
041 _aspa
044 _abe
050 4 _aDCON8
_bP35 1682
082 _2BX2186
100 1 _aPalafox y Mendoza, Juan de
_d1600-1659
_9449
245 1 0 _aGuía y aliento del alma viadora, para guiarla y alentarla a que camine a la ciudad de Dios y patria celestial, por el camino real de oración y perfeccion christiana.
260 _aBruselas
_bJuan Baptista Verdussen
_c[1682]
300 _a[14], 568 p.
_c15 cm.
500 _aDonado por la Mtra. Marta Turok Wallace, 29-feb.-2016. Este libro pertenecía a la col. Ruth Lechuga ahora pasa al Fondo Conventual
500 _aEstado físico : cintas rotas
500 _aNúmero de control : 00009
650 1 4 _aTeología espiritual
_ySiglo XVII
_922472
650 1 4 _aMisticismo
_917692
902 _aDCON
942 _2lcc
_cB
999 _c8744
_d8744